Tous les clubs de l'histoire de la Ligue 1 à plus de 15 saisons - Statistiques

Statistiques générales
  • Ce quiz a été pris 305 fois
  • Le résultat moyen est 29 sur 37
Statistiques - réponses
Nombre de saisons Club % Correct
73 OM Olympique de Marseille
100%
50 PSG Paris Saint-Germain
100%
69 AS Saint-Etienne
98%
64 OL Olympique Lyonnais
98%
55 FC Nantes
97%
69 Girondins de Bordeaux
97%
63 LOSC Lille
96%
64 OGC Nice
94%
61 RC Lens
94%
66 Stade rennais FC
94%
32 Toulouse FC
93%
64 AS Monaco
92%
62 RC Strasbourg
92%
33 AJ Auxerre
91%
19 Toulouse FC (absorbé par le Red Star FC en 1967)
91%
17 Stade brestois 29
89%
38 Stade de Reims
88%
41 Montpellier HSC
87%
63 FC Metz
84%
16 FC Lorient
83%
31 Angers SCO
82%
66 FC Sochaux - Montbéliard
80%
24 Le Havre AC
79%
18 SM Caen
74%
34 SC Bastia
73%
36 Nîmes Olympique
72%
30 AS Nancy-Lorraine
71%
19 ESTAC Troyes
70%
15 FC Nancy
70%
16 Red Star FC
64%
33 Valenciennes FC
63%
23 Club sportif Sedan Ardennes
54%
19 FC Rouen
53%
22 AS Cannes
44%
16 FC Sète
43%
15 Stade français
10%
30 Racing Club de France
9%
Aucun quiz correspondant
Distribution des résultats
% des personnes avec chaque résultat
Percentile par nombre de réponses
Votre historique - résultats
Vous n’avez pas pris ce quiz